América Latina y la conexión europea del Caribe no-hispanico

I tiakina i:
Ngā taipitopito rārangi puna kōrero
Kaituhi matua: Serbin, Andrés (Author)
Hōputu: Pukapuka
Reo:Pāniora
I whakaputaina: Santiago Comisión Sudamericana de Paz 1989
Rangatū:Documento de Estudio, 1
Ngā marau:
Ngā Tūtohu: Tāpirihia he Tūtohu
Kāore He Tūtohu, Me noho koe te mea tuatahi ki te tūtohu i tēnei pūkete!

MARC

LEADER 00000nam a2200000 a 4500
001 UCX9054
003 CL-VaPUC
008 940513e19890000CL |||||||||||||||||spa|d
082 0 4 |a 327  |b SER  |2 21 
100 0 |a Serbin, Andrés  |e author  |9 326336 
245 1 0 |a América Latina y la conexión europea del Caribe no-hispanico 
300 |a 40 p 
942 |c BK 
945 |d 19940513 00:00:00  |a oaravena 
260 |a Santiago  |b Comisión Sudamericana de Paz  |c 1989 
650 0 |a Relaciones Exteriores  |9 255379 
651 0 |a América Latina   |9 255027 
651 7 |a ISLAS CARIBES  |2 CL-VaPUC  |9 255533 
583 |a last modification  |c 19940513 00:00:00  |k Rodrigo Vera 
490 0 |a Documento de Estudio, 1 
999 |c 228398  |d 228396 
952 |0 0  |1 0  |4 0  |6 327_000000000000000_SER_1989  |7 0  |8 A  |9 228404  |a BIBHIS  |b BIBHIS  |d 2019-11-15  |i 2977605  |o 327 SER 1989  |p 2977605  |r 2025-01-20  |w 2019-11-15  |y BK  |k HIS 
952 |0 0  |1 0  |4 0  |6 327_000000000000000_SER_1989  |7 0  |8 A  |9 228405  |a BIBHIS  |b BIBHIS  |d 2019-11-15  |i 1348574  |o 327 SER 1989  |p 1348574  |r 2025-01-20  |w 2019-11-15  |y BK  |k HIS